[Event "GER-chT U14 Girls"]
[Site "Duesseldorf"]
[Date "2016.12.27"]
[Round "1.3"]
[White "Fege, Astrid"]
[Black "Schilz, Tabea"]
[Result "0-1"]
[WhiteElo "1330"]
[BlackElo "1088"]
[PlyCount "166"]
[EventDate "2016.12.27"]
[EventType "team-swiss"]
[EventRounds "7"]
[EventCountry "GER"]
[SourceTitle "EXT 2018"]
[Source "ChessBase"]
[SourceDate "2017.10.13"]
[SourceVersion "1"]
[SourceVersionDate "2017.10.13"]
[SourceQuality "1"]
[WhiteTeam "Leipzig SG"]
[BlackTeam "Konz Karthaus"]
[WhiteTeamCountry "GER"]
[BlackTeamCountry "GER"]

1. e4 e5 2. Nf3 Nc6 3. Bc4 Nf6 4. d3 Bc5 5. c3 Be7 6. Bb3 d6 7. 0-0 Bg4 8. Nbd2 0-0 9. h3 Bh5 10. Re1 h6 11. Nf1 Bg6 12. Ng3 Nd7 13. Nf5 Bxf5 14. exf5 Nb6 15. Nh2 Re8 16. Qh5 d5 17. c4 Nd4 18. Rxe5 Nxb3 19. axb3 dxc4 20. dxc4 Bf6 21. Rxe8+ Qxe8 22. Qf3 Qe1+ 23. Nf1 c6 24. Qf4 Bg5 25. Qc7 Bxc1 26. Qxb7 Rd8 27. c5 Rd1 28. Qa6 Rd2 29. Kh1 Rxf2 30. Kg1 Rxb2 31. Kh1 Qf2 32. Ne3 Qxe3 33. Qf1 Qf2 34. Rxc1 Qxf1+ 35. Rxf1 Nd7 36. Re1 Kf8 37. Ra1 Nxc5 38. Rxa7 Rxb3 39. Rc7 Rb6 40. Kh2 Na6 41. Rc8+ Ke7 42. Kg3 Kd6 43. Rf8 Ke7 44. Rc8 Kf6 45. Kf4 Rb4+ 46. Ke3 Rb6 47. g4 Kg5 48. Kf3 Rb3+ 49. Kg2 c5 50. Rc6 Ra3 51. Rc8 Kh4 52. Rf8 c4 53. Kf2 c3 54. Rc8 Nb4 55. Ke2 Ra2+ 56. Kd1 c2+ 57. Kd2 Ra1 58. Rxc2 Nxc2 59. Kxc2 Kxh3 60. Kd3 Kxg4 61. Ke4 Re1+ 62. Kd4 Kf4 63. Kd5 Kxf5 64. Kd4 Re8 65. Kd5 Rd8+ 66. Kc6 Ke5 67. Kc7 Rd1 68. Kc6 Rd2 69. Kc7 Ke6 70. Kc6 Rc2+ 71. Kb5 Kd6 72. Kb4 Kd5 73. Kb3 Rc8 74. Kb4 Rc7 75. Kb3 Kd4 76. Kb2 Kd3 77. Kb3 Rb7+ 78. Ka4 Kc4 79. Ka5 Kc5 80. Ka6 Rb1 81. Ka7 Kc6 82. Ka8 Kc7 83. Ka7 Ra1# 0-1